skbl

Dr Suryya Kumar Bhuyan Library Web-OPAC
ডঃ সূৰ্য্য
কুমাৰ ভূঞা পুথিভঁৰাল ৱেব-অ'পেক

All Research Scholars are advised to clear the annual library fees to continue using Library Resources, Remote Access, Plagiarism Test and Library Clearance.

Cotton University Book Fair 2026

Political geography (Record no. 65452)

MARC details
000 -LEADER
fixed length control field 00455nam a2200169Ia 4500
001 - CONTROL NUMBER
control field 64352
008 - FIXED-LENGTH DATA ELEMENTS--GENERAL INFORMATION
fixed length control field 210305n2020 ii |||gr||||Z||||||465
020 ## - INTERNATIONAL STANDARD BOOK NUMBER
International Standard Book Number 9788170333753
041 ## - LANGUAGE CODE
Language code of text/sound track or separate title 465
082 ## - DEWEY DECIMAL CLASSIFICATION NUMBER
Classification number 911
100 ## - MAIN ENTRY--PERSONAL NAME
Personal name Adhikari,Sudeepta,
Relator term Author.
245 #0 - TITLE STATEMENT
Title Political geography
Statement of responsibility, etc. Sudeepta Adhikari
Medium Textual Documents
260 ## - PUBLICATION, DISTRIBUTION, ETC.
Place of publication, distribution, etc. New Delhi
Name of publisher, distributor, etc. Rawat Publications
Date of publication, distribution, etc. 2020
300 ## - PHYSICAL DESCRIPTION
Extent 546p.:
Dimensions 22cm.
653 ## - INDEX TERM--UNCONTROLLED
Uncontrolled term Historical geography
942 ## - ADDED ENTRY ELEMENTS (KOHA)
Source of classification or shelving scheme Dewey Decimal Classification
Koha item type Books
Holdings
Withdrawn status Lost status Damaged status Not for loan Collection Home library Current library Date acquired Source of acquisition Coded location qualifier Total checkouts Total renewals Full call number Barcode Date last seen Date last checked out Copy number Price effective from Koha item type Public note
          Dr. Suryya Kumar Bhuyan Library Dr. Suryya Kumar Bhuyan Library 05/03/2021 37 00000 3 2 911 ADH 2441/cu/geog 30/12/2025 17/11/2025 1 05/03/2021 Books 37

Designed and Maintained by Team SKBL
©1901-2026

Powered by Koha